Ultimate Star Wars Character Quiz - Statistics

General Stats
  • This quiz has been taken 234 times
    45 since last reset
  • The average score is 39 of 77
Answer Stats
Hint Movies Answer % Correct
Former Jedi Knight turned Sith Apprentice I, II, III, IV, V, VI Darth Vader
100%
Moisture farmer turned Jedi-Knight III, IV, V, VI Luke Skywalker
100%
Jedi Master turned Hermit turned Force Ghost I, II, III, IV, V, VI Obi Wan Kenobi
100%
Golden TC-series protocol droid I, II, III, IV, V, VI C-3PO
97%
Furry Co-Pilot of above and an avid hugger III, IV, V, VI Chewbacca
97%
Sith Master and the mastermind behind the Clone Wars I, II, III, V, VI Darth Sidious
97%
Smuggler turned leader in the Rebel Alliance IV, V, VI Han Solo
97%
Greedy slug-like crime lord I, VI Jabba the Hutt
97%
Aloof Gungan who garnered much hate from the Star Wars community I, II, III Jar Jar Binks
97%
Jedi Council member who wields the only on-screen purple lightsaber I, II, III Mace Windu
97%
Former Queen of Naboo and incorruptible politician I, II, III Padmé Amidala
97%
White and Blue astromech droid I, II, III, IV, V, VI R2-D2
97%
Tiny green Jedi Grand Master I, II, III, V, VI Yoda
97%
Bounty Hunter who is an un-altered clone of his "father" II, V, VI Boba Fett
95%
Sister of above and leader in the Rebel Alliance III, IV, V, VI Leia Organa
95%
Former Cloud City magnate turned leader in the Rebel Alliance V, VI Lando Calrissian
92%
Dathomirian Zabrak Sith Apprentice who kills the above. I Darth Maul
89%
Mandalorian Bounty Hunter who is a clone template II Jango Fett
89%
Former Jedi Master turned Sith Apprentice, leader of the Separatists II, III Count Dooku
87%
Jedi Master sent to negotiate with the Trade Federation I Qui Gon Jinn
87%
Mother of the Chosen One I, II Shmi Skywalker
87%
One of the architects of the Death Star, and ultimately perishes on it III, IV Grand Moff Tarkin
84%
Mon Cala Rebel Admiral who senses a trap VI Admiral Ackbar
82%
General of the Separatist Droid Army III General Grievous
82%
Bounty Hunter who may or may not have shot first IV Greedo
82%
Rebellious Senator from Alderaan II, III Bail Organa
68%
Moisture farmer who lives on Tatooine and is the Uncle of #1 II, III, IV Owen Lars
68%
Moisture farmer who lives on Tatooine and is the Aunt of #1 II, III, IV Beru Lars
63%
Rebel Alliance pilot who manages to survive both attacks on the Death Star IV, V, VI Wedge Antilles
63%
Captain of the Naboo Royal Guard I Captain Panaka
61%
Viceroy of the Trade Federation I, II, III Nute Gunray
61%
Greedy Toydarian junkyard owner I, II Watto
61%
Clone Commander of the 212th Attack Battalion/7th Sky Corps III Commander Cody
58%
Brutish Dug podracer in the Boonta Eve Classic I Sebulba
55%
Boss and leader of the Gungans I, III Boss Nass
53%
Besalisk Diner owner and friend of Obi Wan II Dexter Jettster
53%
Rebel pilot and best friend of #1, callsign Red Three IV Biggs Darklighter
50%
White and Red astromech droid II,III R4-P17
47%
Former Chancellor of the Galactic Republic I Finis Valorum
45%
Shapeshifting Bounty Hunter II Zam Wesell
45%
Father of above II Cliegg Lars
42%
Captain of the Tantive IV III, IV Captain Antilles
39%
Imperial General who commanded an AT-AT during the Battle of Hoth V General Veers
39%
Wookie General who is a friend of Yoda and Chewbacca III Tarfful
39%
Son of above and personal guard to the Senator from Naboo II, III Captain Typho
34%
#1's snowspeeder gunner, who was not able to take on the whole Empire by himself V Dak Ralter
34%
Imperial Captain, who became Admiral thanks to the above's death V, VI Admiral Piett
29%
Prime Minister of Kamino II Lama Su
29%
Gungan General and friend of Jar Jar I Roos Tarpals
29%
Heavyset Rebel pilot, callsign Red Six IV Jet Porkins
26%
Imperial Admiral choked to death for incompetence V Admiral Ozzel
24%
Imperial Captain whom Vader "forgives" after losing the Millennium Falcon V Captain Needa
24%
Cocky and rugged Jedi known for his unorthodox tactics I Quinlan Vos
24%
Kaminoan administrative staff II Taun We
24%
Silver TC-series protocol droid I TC-14
24%
Inexperienced Toong podracer in the Boonta Eve Classic I Ben Quadinaros
18%
Jedi Padawan who closes the shades during lightsaber training II Liam
18%
Attendant of the Senator from Naboo during Attack of the Clones II Dormé
16%
Female Hutt and former owner of #3 I Gardulla the Hutt
16%
Body double for the Senator from Naboo during the Attack of the Clones II Cordé
13%
Rebel Alliance General, gave the brief on the infiltration of Endor VI Crix Madine
13%
Clone Captain and Shock Trooper who pilots Palpatine's personal shuttle III Captain Kagi
11%
Xexto podracer in the Boonta Eve Classic I Gasgano
11%
Rebel y-wing pilot shot down by Darth Vader, callsign Gold Leader IV John "Dutch" Vander
11%
Childhood friend of Anakin Skywalker on Tatooine I Kitster Chanchani Banai
11%
Clone Commander and Pilot III Odd Ball
11%
Stormtrooper shot by #1 aboard the Millennium Falcon IV TK-421
11%
Rebel snowspeeder pilot who (maybe) crashes his ship into an AT-AT V Derek "Hobbie" Klivian
8%
Rebel y-wing pilot shot down by Darth Vader, callsign Gold Two IV Dex Tiree
8%
Er'Kit podracer in the Boonta Eve Classic I Ody Mandrell
8%
Queen of Naboo right before the outbreak of the Clone Wars II Queen Jamillia
8%
Nosaurian podracer in the Boonta Eve Classic I Clegg Holdfast
5%
Vulptereen podracer in the Boonta Eve Classic I, II Dud Bolt
5%
Gran podracer in the Boonta Eve Classic I Mawhonic
5%
Wedge Antilles's snowspeeder gunner during the Battle of Hoth V Wes Janson
5%
Gran Senator from Malastare I Ainlee Teem
3%
Sneevel podracer in the Boonta Eve Classic I Boles Roor
3%
No matching quizzes found
Score Distribution
Percent of People with Each Score
Percentile by Number Answered
Your Score History
You have not taken this quiz since the last reset